• 首页
  • 本馆介绍
  • 公告通知
  • 最新文献
  • 馆藏检索
  • 电子资源
  • 读者导购
  • 参考咨询
  • 我的图书馆
  • 登录
  • 详细信息显示
  • 放入我的书架
  • 预约/预借图书
  • 作者相关作品
  • 分类相关作品
  • 丛书相关作品
  • 出版社相关作品

书目信息

  • 表格格式
  • 工作单格式
  • 卡片格式
题名:
明代书信选粹
    
 
作者: 李绍棠 译注
分册:  
出版信息: 天津   天津教育出版社  1989.8
页数: 158页
开本: 19厘米
丛书名:
单 册:
中图分类: I264.8
科图分类: 44.615
主题词: 散文--中国 , 散文--作品综合集--中国
电子资源:
ISBN: 7-5309-0558-9
000 00742nam0 2200265 45
001 0189001524
005 20040409103317.8
010    @a7-5309-0558-9@dCNY1.70
020    @aCN@b89001524
100    @a19900806d1989 m y0chiy0120 ea
101 0  @achi
102    @aCN@b120000
105    @ay z 000ey
106    @ar
200 10 @a明代书信选粹@Aming dai shu xin xuan cui@f李绍棠译注@Fli shao tang yi zhu
210    @a天津@c天津教育出版社@d1989.8
215    @a158页@d19厘米
540 1  @a明代 书信@Aming dai shu xin
606 0  @a散文@x中国
606 0  @a散文@x作品综合集@x中国
690    @aI264.8
692    @a44.615@v1974
701  0 @a李绍棠@Ali shao tang@4译注
801  0 @aCN@bNLC@c19900806
905    @f4@b259733-736@dI264.8@e517
    
    明代书信选粹/李绍棠译注.-天津:天津教育出版社,1989.8
    158页;19厘米
    
    
    ISBN 7-5309-0558-9:CNY1.70
    
●
相关链接 在E读中查询图书 在五车中查询图书 在当当中查询图书 在豆瓣中查询图书


正题名:明代书信选粹     索取号:I264.8/517         预约/预借

序号 登录号 条形码 馆藏地/架位号 状态 备注
1 0259732   000032985   第一样本阅览室/ [索取号:I264.8/517] 在馆    
2 0259733   000032930   第二借阅区/ [索取号:I264.8/517] 在馆    
3 0259734   000033001   第二借阅区/ [索取号:I264.8/517] 在馆    
4 0259735   000032994   第二借阅区/ [索取号:I264.8/517] 在馆    
5 0259736   000032949   第二借阅区/ [索取号:I264.8/517] 在馆    
唐山师范学院图书馆 欢迎您!
大连网信软件有限公司© 版权所有